Premiership 92/93 teams - Statistics

General Stats
  • This quiz has been taken 13 times
  • The average score is 19 of 22
Answer Stats
Hint Answer % Correct
10th Arsenal
100%
2nd Aston Villa
100%
13th Everton
100%
17th Leeds United
100%
6th Liverpool
100%
1st Manchester United
100%
22nd Nottingham Forest
100%
8th Tottenham Hotspur
100%
4th Blackburn Rovers
92%
11th Chelsea
92%
9th Manchester City
92%
5th Queens Park Rangers
85%
14th Sheffield United
77%
7th Sheffield Wednesday
77%
18th Southampton
77%
12th Wimbledon
77%
15th Coventry City
69%
20th Crystal Palace
69%
16th Ipswich Town
69%
3rd Norwich City
69%
21st Middlesbrough
62%
19th Oldham Athletic
54%
No matching quizzes found
Score Distribution
Percent of People with Each Score
Percentile by Number Answered
Your Score History
You have not taken this quiz